| Tag |
First Indicator |
Second Indicator |
Subfields |
| LEADER |
00000cam a2200000Ii 4500 |
| 001 |
in00004019268 |
| 005 |
20190422104416.0 |
| 006 |
m o d |
| 007 |
cr mn||||||||| |
| 008 |
160923t20162016nyu ob 001 0 eng d |
| 020 |
|
|
|a 9781634856805
|q (electronic bk.)
|
| 020 |
|
|
|a 1634856805
|q (electronic bk.)
|
| 020 |
|
|
|z 9781634856799
|
| 020 |
|
|
|z 1634856791
|
| 035 |
|
|
|a (NhCcYBP)EBSCO1356638
|
| 040 |
|
|
|a NhCcYBP
|c NhCcYBP
|d UtOrBLW
|
| 043 |
|
|
|a n-us---
|
| 050 |
|
4 |
|a Q130
|b .F434 2016
|
| 072 |
|
7 |
|a SCI
|x 063000
|2 bisacsh
|
| 082 |
0 |
4 |
|a 507.1/073
|2 23
|
| 245 |
0 |
0 |
|a Federal grant-making to women in STEM research fields :
|b analysis and representation proposals /
|c Rochelle Schuler, editor.
|
| 264 |
|
1 |
|a New York :
|b Novinka,
|c [2016]
|
| 264 |
|
4 |
|c ©2016
|
| 300 |
|
|
|a 1 online resource ( 114 pages.)
|
| 336 |
|
|
|a text
|b txt
|2 rdacontent
|
| 337 |
|
|
|a computer
|b c
|2 rdamedia
|
| 338 |
|
|
|a online resource
|b cr
|2 rdacarrier
|
| 490 |
1 |
|
|a Women's issues
|
| 504 |
|
|
|a Includes bibliographical references and index.
|
| 505 |
0 |
|
|a Women in STEM research: better data and information sharing could improve oversight of Federal grant-making and Title IX compliance -- Women in STEM research: Federal agencies differ in the data they collect on grant applicants.
|
| 588 |
|
|
|a Description based on print version record.
|
| 500 |
|
|
|a Electronic resource.
|
| 650 |
|
0 |
|a Women in science
|z United States.
|0 http://id.loc.gov/authorities/subjects/sh2010118893
|
| 650 |
|
0 |
|a Girls
|x Education
|z United States.
|
| 650 |
|
0 |
|a Minorities in science
|z United States.
|
| 650 |
|
0 |
|a Science
|x Study and teaching
|z United States.
|0 http://id.loc.gov/authorities/subjects/sh85118593
|
| 650 |
|
0 |
|a Technology
|x Study and teaching
|z United States.
|0 http://id.loc.gov/authorities/subjects/sh2009102947
|
| 650 |
|
0 |
|a Engineering
|x Study and teaching
|z United States.
|0 http://id.loc.gov/authorities/subjects/sh2008103079
|
| 650 |
|
0 |
|a Mathematics
|x Study and teaching
|z United States.
|0 http://id.loc.gov/authorities/subjects/sh85082162
|
| 655 |
|
7 |
|a Electronic books.
|2 local
|
| 700 |
1 |
|
|a Schuler, Rochelle,
|e editor.
|
| 710 |
2 |
|
|a EBSCOhost.
|
| 776 |
1 |
8 |
|i Print version:
|a Schuler, Rochelle
|t Federal Grant-Making to Women in STEM Research Fields: Analysis and Representation Proposals
|d Hauppauge : Nova Science Publishers, Inc.,c2016
|z 9781634856799
|
| 830 |
|
0 |
|a Women's issues.
|0 http://id.loc.gov/authorities/names/n2010184309
|
| 856 |
4 |
0 |
|u http://proxy.library.tamu.edu/login?url=http://search.ebscohost.com/login.aspx?direct=true&scope=site&db=nlebk&db=nlabk&AN=1356638
|z Connect to the full text of this electronic book
|t 0
|
| 955 |
|
|
|a YBP purchased firm e-records
|
| 980 |
|
|
|b 142.50
|g 1
|
| 999 |
f |
f |
|s 457f022c-fbd2-3c18-9c09-04eb22760d1a
|i f5223b35-cce6-3b46-abd7-9c6d25eaf568
|t 0
|
| 952 |
f |
f |
|a Texas A&M University
|b College Station
|c Electronic Resources
|d Available Online
|t 0
|e Q130 .F434 2016
|h Library of Congress classification
|
| 998 |
f |
f |
|a Q130 .F434 2016
|t 0
|l Available Online
|